The best 100 players of the 2025-26 NBA season - Statistics

General Stats
  • This quiz has been taken 97 times
  • The average score is 71 of 100
Answer Stats
Rank Team Answer % Correct
4 Lakers Luka Doncic
100%
3 Nuggets Nikola Jokic
100%
1 Thunder Shai Gilgeous-Alexander
100%
11 Warriors Stephen Curry
100%
2 Spurs Victor Wembanyama
100%
10 Bucks Giannis Antetokounmpo
99%
29 Lakers LeBron James
99%
12 76ers Tyrese Maxey
99%
8 Timberwolves Anthony Edwards
98%
5 Pistons Cade Cunningham
98%
13 Knicks Jalen Brunson
98%
6 Celtics Jaylen Brown
98%
7 Clippers Kawhi Leonard
98%
16 Suns Devin Booker
96%
9 Cavaliers Donovan Mitchell
96%
48 76ers Joel Embiid
96%
14 Rockets Kevin Durant
95%
17 Cavaliers James Harden
94%
27 Knicks Karl-Anthony Towns
94%
46 Heat Bam Adebayo
93%
24 Pistons Jalen Duren
93%
21 Hornets Lamelo Ball
93%
15 Hawks Jalen Johnson
91%
18 Nuggets Jamal Murray
91%
28 Thunder Chet Holmgren
90%
23 Magic Paolo Banchero
90%
19 Pacers Pascal Siakam
90%
30 Lakers Austin Reaves
89%
98 Wizards Tre Johnson
89%
43 Rockets Amen Thompson
88%
31 Mavericks Copper Flagg
88%
20 Raptors Scottie Barnes
88%
34 Spurs De’Aaron Fox
87%
38 Celtics Derrick White
87%
50 Timberwolves Rudy Gobert
87%
47 Pelicans Zion Williamson
87%
32 Hornets Kon Knueppel
85%
33 Spurs Stephon Castle
85%
36 Cavaliers Evan Mobley
84%
42 Jazz Lauri Markkanen
84%
35 Nets Michael Porter Jr
84%
25 Rockets Alperen Sengun
83%
26 Raptors Brandon Ingram
83%
97 Suns Mark Williams
83%
22 Trail Blazers Deni Avdija
82%
56 Knicks Mikal Bridges
80%
67 Hornets Miles Bridges
79%
45 Magic Franz Wagner
78%
49 Timberwolves Julius Randle
78%
40 Clippers Darius Garland
76%
44 Magic Desmond Bane
76%
92 Suns Jalen Green
76%
37 Jazz Keyonte George
76%
88 Bucks AJ Green
74%
39 Jazz Jaren Jackson Jr
73%
41 Hornets Brandon Miller
72%
74 Cavaliers Jarrett Allen
72%
60 Kings Demar Derozan
71%
59 Hawks CJ McCollum
70%
75 Rockets Jabari Smith Jr
70%
58 Knicks OG Anunoby
68%
61 Celtics Payton Pritchard
68%
54 Bulls Josh Giddey
66%
57 76ers VJ Edgecombe
65%
51 Heat Norman Powell
63%
71 Spurs Dylan Harper
60%
73 Raptors RJ Barrett
60%
52 Pelicans Trey Murphy
60%
83 Lakers Deandre Ayton
59%
53 Hawks Nickeil Alexander-Walker
59%
72 Spurs Devin Vassell
57%
80 Suns Dillon Brooks
57%
64 Heat Jaime Jaquez Jr
57%
65 Kings Russell Westbrook
57%
86 Timberwolves Jaden McDaniels
56%
76 Rockets Reed Sheppard
56%
62 Trail Blazers Donovan Clingan
55%
79 Raptors Immanuel Quickley
54%
66 Bucks Ryan Rollins
54%
96 Jazz Ace Bailey
50%
70 Pelicans Derik Queen
49%
55 Bulls Matas Buzelis
48%
85 Warriors Brandin Podziemski
46%
69 Pelicans Jeremiah Fears
43%
63 Heat Kel’el Ware
43%
81 Rockets Tari Eason
43%
68 Magic Anthony Black
41%
93 Lakers Rui Hachimura
41%
95 Lakers Marcus Smart
38%
82 Suns Collin Gillespie
30%
77 Nuggets Tim Hardaway Jr
30%
94 Timberwolves Ayo Dosunmu
24%
89 Pacers Jay Huff
24%
100 Warriors Gui Santos
21%
91 Jazz Isaiah Collier
21%
78 Kings Maxime Raynaud
21%
90 Lakers Jake LaRavia
20%
84 Cavaliers Jaylon Tyson
16%
99 Pistons Daniss Jenkins
15%
87 Jazz Brice Sensabaugh
13%
No matching quizzes found
Score Distribution
Percent of People with Each Score
Percentile by Number Answered
Your Score History
You have not taken this quiz